00408nam a2200157Ia 4500008004100000020001800041041000800059082001700067100001300084245002200097260003500119300000900154500004900163650002500212700001300237230125s9999 xx 000 0 und d a81-203-3334-5 aeng a658.018bBAS aBasu B N aTechnical Writing c2007bPrentice HallaNew Delhi a151p aResearch methodology;Technical communication aResearch Methodology aBasu B N